1102 1508 1414 1647 1575 1573 1185 1369 1647 1831 1024 1213 1085 1739 1775 1662 1564 1847 1428 1261 1496 1028 1548 1882 1201 1787 1156 1288 1062 1624 1803 1714 1456 1344 1054 1888 1440 1231 1313 1184 1825 1740 1972 1223 1055 1871 1134 1224 1146 1475 1174 1751 1278 1603 1095 1106 1758 1903 1875 1763 1974 1789 1219 1698 1582 1565 1536 1370 1298 1406 1761 1314 1359 1248 1343 1164 1645 1425 1967 1229 1296 1304 1110 1646 1647 1803 1565 1926 1335 1157 1184 1996 1274 1694 1543 1790 1718 1671 1767 BCNSPRNW ULIB Ver.6.0+V

เปลี่ยนเป็นภาษาไทย

Change to English
 แสดงรายละเอียดบรรณานุกรม
  กลับหน้าหลัก

Brief Record : Get Marc (ISO 2709) : E-mail record : QR code < ปิดหน้าต่าง
LEADER : 00000nam 2200000uu 4500
001    13399124805
003     ULIB
008    020711s2014 th a 000 0 eng d
020    9781285053134
060    QY25^bD186g
100    Daniels, Rick
245    Guide to laboratory and diagnistic test
250    3rdth ed
260    Australia :^bCengage Learning,^c2014
300    1012 pages;^b21 cm
650    Laboratory^xDiagnostic
710    Organized Alphabetically
945    ^p0^l0^i000355
999    ^aเกษร โพธิ์สุวรรณ
รายการนี้ยังไม่มีแท็ก
คุณยังไม่ได้ล็อกอิน คุณสามารถมีกิจกรรมร่วมกับเว็บไซต์ได้ แต่ต้องล็อกอินก่อน ::
  ล็อกอิน

รายการสื่อสารสนเทศ

ลำดับที่ ประเภท เลขเรียก/บาร์โค้ด สถานที่ สถานะ
1. วิทยาศาสตร์การแพทย์ และสุขภาพ
วิทยาศาสตร์การแพทย์ และสุขภาพ
QY25 D186g ฉ.1 
  Barcode: 000355
ห้องสมุดวิทยาเขตสวรรค์ประชารักษ์
►หนังสือทั่วไป
บนชั้น

BibComment


ยังไม่เคยถูกคอมเมนท์

คอมเมนท์ทรัพยากรรายการนี้
  คอมเมนท์: Guide to laborato..


 Copyright 2026. Bcnsprnw @Library